000845552 001__ 845552 000845552 005__ 20230124074203.0 000845552 0247_ $$2I:(DE-82)419510_20140620$$aG:(DE-82)BMWK-03EN4011$$dBMWK-03EN4011 000845552 035__ $$aG:(DE-82)BMWK-03EN4011 000845552 150__ $$a LOGIN - Low-GWP im Einfamilienhaus-Gebäudebestand - Kältemittelscreening und Funktionsnachweis von Low-GWP Kältemitteln in Wärmepumpen für Einfamilienhäuser $$y2021-02-01 - 2024-01-31 000845552 371__ $$0P:(DE-82)IDM04684$$aHöges, Christoph$$s20210201$$t20240131 000845552 450__ $$aBMWK-03EN4011$$wd$$y2021-02-01 - 2024-01-31 000845552 450__ $$yFunding period as in 150__y 000845552 5101_ $$0I:(DE-588b)1249079764$$aBundesministerium für Wirtschaft und Klimaschutz$$bBMWK 000845552 8564_ $$u https://https://www.enargus.de/pub/bscw.cgi/?op=enargus.eps2=E.ON%20Energy%20Research%20Center,%20Lehrstuhl%20f%C3%BCr%20Geb%C3%A4ude-%20und%20Raumklimatechnik=10=10=2239340 $$wb$$yHomepage 000845552 909CO $$ooai:publications.rwth-aachen.de:845552$$pauthority$$pauthority:GRANT 000845552 909CO $$ooai:publications.rwth-aachen.de:845552 000845552 980__ $$aG 000845552 980__ $$aAUTHORITY